Der Kult der Schönheit diplomová práca

Gespeichert in:
Bibliographische Detailangaben
1. Verfasser: Božiková, Simona
Körperschaft: Fakulta aplikovaných jazykov EU v Bratislave. Katedra jazykovedy a translatológie
Weitere Verfasser: Seresová, Katarína, 1967-
Format: Buch
Sprache:Deutsch
Veröffentlicht: Bratislava 2018
Tags: Tag hinzufügen
Keine Tags, Fügen Sie das erste Tag hinzu!

MARC

LEADER 00000nbm a2200000 4500
001 0244020
005 20181011145025.3
041 0 |a ger 
044 |a SK 
245 1 0 |a Der Kult der Schönheit  |b diplomová práca  |c Simona Božiková ; školiteľ: Katarína Seresová 
264 1 |a Bratislava  |c 2018 
300 |a 71 s. 
100 1 |a Božiková, Simona 
700 1 |a Seresová, Katarína, 1967- 
710 2 |a Fakulta aplikovaných jazykov EU v Bratislave. Katedra jazykovedy a translatológie